005460000a2200169000450024501220000065000090012265000260013165000320015765000240018965100200021365300130023304100140024670000180026070000210027810000200029977300570031910aAge and sexual difference in spatial distribution and mobility in manakins (): inferences from mist-netting14aAves14aReproducción animal14aDistribución geográfica14aMorfología animal 4mLa PazpBolivia fPipridae0 aEspañol1 aRemsen, J. V.1 aRobbins, Mark B.1 aGraves, Gary R.1 tJournal Field Ornithology3130h4q407-412d1983g54